000 00686nam a22002177a 4500
999 _c9317
_d9317
003 AR-CdUCM
008 190327b ||||| |||| 00| 0 spa d
040 _aMUNICIPALIDAD PROVINCIAL DEL CUSCO
_cBIBLIOTECA MUNICIPAL DEL CUSCO
082 _a869.56 /
_bG45
100 _aGilloniz, Antonio
_925434
245 _aVerso Vulgar /
260 _aLima :
_bEdiciones de la rama florida & de la biblioteca universitaria,
_c1967.
300 _a95 paginas ;
_c17 cm.
500 _aDonacion de la familia Nieto Dedicatoria a Luis Nieto poesias
650 _aPoesias
_95433
650 _aLiteratura
_983
650 _aPerĂº
_935
650 _aSiglo XX
_98
942 _2ddc
_cLIBROS
945 _apjha